• 首页
  • 本馆介绍
  • 公告通知
  • 最新文献
  • 馆藏检索
  • 电子资源
  • 读者导购
  • 参考咨询
  • 我的图书馆
  • 登录
  • 详细信息显示
  • 放入我的书架
  • 预约/预借图书
  • 作者相关作品
  • 分类相关作品
  • 丛书相关作品
  • 出版社相关作品

书目信息

  • 表格格式
  • 工作单格式
  • 卡片格式
题名:
当代艺术商机
    
 
作者: 小山登美夫 著 ;蔡青雯 译
分册:  
出版信息: 北京   北京联合出版公司  2013.9
页数: 202页
开本: 21cm
丛书名:
单 册:
中图分类: J114
科图分类:
主题词: 艺术市场--Yi Shu Shi Chang--研究 , 研究--Yan Jiu
电子资源:
ISBN: 978-7-5502-1888-8
000 01061nam0 22002651 450
001 349764
005 20161010150708.59
010    @a978-7-5502-1888-8@dCNY35.00
100    @a20141106d2013 em y0chiy50 ea
101 1  @achi@cjpn
102    @aCN@b110000
105    @ay z 000yy
106    @ar
200 1  @a当代艺术商机@ADang Dai Yi Shu Shang Ji@dBusiness opportunity for contemporary art@f(日)小山登美夫著@g蔡青雯译@zeng
210    @a北京@c北京联合出版公司@d2013.9
215    @a202页@d21cm
330    @a本书作者以亲身经历告诉读者艺术世界是自由的。如何精准经营才能让本国的艺术作品走出国门,在世界的舞台中央闪耀。全书分为发现璞石的价值;村上隆和奈良美智,哪里有艺术家;艺术的价值如何决定;左右市场的是收藏者;艺术经济的展望等五个部分。
510 1  @aBusiness opportunity for contemporary art@zeng
606 0  @a艺术市场@AYi Shu Shi Chang@x研究
606 0  @a研究@AYan Jiu
690    @aJ114@v5
701  0 @a小山登美夫@AXiao Shan Deng Mei Fu@4著
702  0 @a蔡青雯@ACai Qing Wen@4译
801  0 @aCN@bTANGWEI@20160802
905    @b0886645-9@dJ114@e119@f5
    
    当代艺术商机=Business opportunity for contemporary art/(日)小山登美夫著/蔡青雯译.-北京:北京联合出版公司,2013.9
    202页;21cm
    
    
    ISBN 978-7-5502-1888-8:CNY35.00
    本书作者以亲身经历告诉读者艺术世界是自由的。如何精准经营才能让本国的艺术作品走出国门,在世界的舞台中央闪耀。全书分为发现璞石的价值;村上隆和奈良美智,哪里有艺术家;艺术的价值如何决定;左右市场的是收藏者;艺术经济的展望等五个部分。
●
相关链接 在E读中查询图书 在五车中查询图书 在当当中查询图书 在豆瓣中查询图书


正题名:当代艺术商机     索取号:J114/119         预约/预借

序号 登录号 条形码 馆藏地/架位号 状态 备注
1 0886645   208866459   第一样本阅览室/ [索取号:J114/119] 在馆    
2 0886646   208866468   第一借阅区/ [索取号:J114/119] 在馆    
3 0886647   208866477   第一借阅区/ [索取号:J114/119] 在馆    
4 0886648   208866486   第一借阅区/ [索取号:J114/119] 在馆    
5 0886649   208866495   第一借阅区/ [索取号:J114/119] 在馆    
唐山师范学院图书馆 欢迎您!
大连网信软件有限公司© 版权所有